Library Banner

Introduction to health Physics (Record no. 83814)

MARC details
000 -LEADER
fixed length control field 00537nam a2200205Ia 4500
001 - CONTROL NUMBER
control field 71476
008 - FIXED-LENGTH DATA ELEMENTS--GENERAL INFORMATION
fixed length control field 160226s9999 xx 000 0 und d
020 ## - INTERNATIONAL STANDARD BOOK NUMBER
International Standard Book Number 9780071423083
040 ## - CATALOGING SOURCE
Transcribing agency PK-LaUMT
082 ## - DEWEY DECIMAL CLASSIFICATION NUMBER
Classification number 610.153
Item number CEM-I
100 ## - MAIN ENTRY--PERSONAL NAME
Personal name Cember, Herman
245 ## - TITLE STATEMENT
Title Introduction to health Physics
Statement of responsibility, etc Cember, Herman|Johnson, Thomas E.
250 ## - EDITION STATEMENT
Edition statement 4th
260 ## - PUBLICATION, DISTRIBUTION, ETC. (IMPRINT)
Place of publication, distribution, etc New York,USA:
Name of publisher, distributor, etc McGraw-Hill,
Date of publication, distribution, etc 2009
300 ## - PHYSICAL DESCRIPTION
Extent 843 p.
546 ## - LANGUAGE NOTE
Language note EN
650 ## - SUBJECT ADDED ENTRY--TOPICAL TERM
Topical term or geographic name as entry element Radiation protection methods
700 ## - ADDED ENTRY--PERSONAL NAME
Personal name Johnson, Thomas E.
942 ## - ADDED ENTRY ELEMENTS (KOHA)
Koha item type Books
Holdings
Withdrawn status Lost status Damaged status Not for loan Home library Current library Date acquired Total Checkouts Full call number Barcode Date last seen Date checked out Price effective from Koha item type
        UMT Health Sciences Campus UMT Health Sciences Campus 2016-02-26 2 610.153 CEM-I 98134 2019-01-21 2017-01-16 2016-02-26 Books